MARC

LEADER 00000nam0a2200000 4500
001 352781
005 20231102010530.0
035 |a (RuTPU)RU\TPU\retro\9582 
090 |a 352781 
100 |a 20200206d1963 m y0rusy50 ca 
101 0 |a rus 
102 |a RU 
105 |a a z 000zb 
200 1 |a Первооткрыватель голубого континента  |f И. И. Фирсов 
210 |a Владимир  |c Владимирское кн. изд-во  |d 1963 
215 |a 75 с.  |c ил. 
600 1 |a Лазарев  |b М. П.  |c российский флотоводец и мореплаватель  |c адмирал  |f 1788-1851  |g Михаил Петрович  |2 stltpush  |3 (RuTPU)RU\TPU\pers\12062  |9 3146 
606 |a География  |x Антарктики и Антарктиды  |2 stltpush  |3 (RuTPU)RU\TPU\subj\5921  |9 33905 
610 1 |a экспедиции 
610 1 |a исследования 
610 1 |a адмиралы 
610 1 |a Антарктида 
610 1 |a персоналии 
610 1 |a первооткрыватели 
675 |a 91(99)  |v 4 
700 1 |a Фирсов  |b И. И.  |g Иван Иванович 
801 1 |a RU  |b 63413507  |c 20200206 
801 2 |a RU  |b 63413507  |c 20200522  |g RCR 
942 |c BK